000 00489nam a2200145Ia 4500
008 100204s9999 xx 000 0 und d
082 _b25793
100 _aहळबे धनश्री
245 _aअसुनी नाथ मी अनाथ
260 _b"शिवम प्रकाशन , ठाणे"
_c20003
300 _a197
630 _aअसुनी नाथ मी अनाथ
730 _aअसुनी नाथ मी अनाथ
942 _cBOOK
999 _c470974
_d470971